000 01397nam a22002057a 4500
999 _c59970
_d59970
003 Ge_BSU
005 20230525124104.0
008 230525s1971 ge ||||| |||| 00| 0 geo d
041 _ageo
080 _a902(3)(075.8) ლ-85
100 _aლორთქიფანიძე, ოთარ
_91433
245 _aანტიკური არქეოლოგია :
_bძველი საბერძნეთი. [დამხმ. სახელმძღვ. ისტორიის ფაკ.-ტის სტუდენტებისა და ანტიკური კულტურის შემსწავლელთათვის] /
_c ოთარ ლორთქიფანიძე; რედ. რ. გორდეზიანი.
264 _aთბილისი :
_bთბილ. უნ-ტის გამ-ბა,
_c1971.
300 _a363 გვ. :
_bილ.; 12 ფ. ტბლ. ;
_c22 სმ.
500 _a დამხმ. ლიტერატურა-ცნობარები, ლექსიკონები, ენციკლოპედიები. გვ. 357-361.
653 _aანტიკური არქეოლოგია
653 _aძველი საბერძნეთის არქეოლოგია.
700 _aგორდეზიანი, რ.
_eრედაქტორი
_918217
942 _2udc
_cBK